000
00336nam a2200145Ia 4500
005
20251222144651.0
008
251222s9999||||xx |||||||||||||| ||spa||
020
_a
9789875917330
082
_a
791.430.7/C24
100
_a
Caminos, Alfredo
245
0
_a
Los amigos del Guión:
250
_a
1ra.ed.
264
_b
Brujas
942
_c
LIB
999
_c
17051
_d
17051